[Event "WY U-16 Chess Olympiad 2019"]
[Site "Corum"]
[Date "2019.11.01"]
[Round "5"]
[White "Mohamed Ali S"]
[Black "Gardiner, Noa Saxon"]
[Result "0-1"]
[WhiteElo "1073"]
[BlackElo "1311"]
[Annotator "NA"]
[PlyCount "78"]
[EventDate "2019.10.28"]
[EventType "team-tourn"]
[EventCountry "TUR"]
[SourceTitle "playchess.com"]
[Source "ChessBase"]
[SourceQuality "1"]

1. e4 d5 2. d3 d4 3. Nf3 Nc6 4. Be2 e5 5. O-O Bd6 6. c3 Bd7 7. b4 a6 8. a4 dxc3 9. Ba3 Bxb4 10. Bxb4 Nxb4 11. Nxc3 Nc6 12. Qb3 Rb8 13. Rfd1 Nd4 14. Nxd4 exd4 15. Nb1 c5 16. Qc4 Qg5 17. Rc1 Rc8 18. Bd1 Be6 19. Qc2 Nf6 20. Qe2 Qxc1 21. Qc2 Qxc2 22. Bxc2 c4 23. Na3 c3 24. h3 h5 25. Rb1 Rc7 26. e5 Nd7 27. Re1 Nc5 28. Rd1 Bb3 29. Bxb3 Nxb3 30. Nc2 Rd7 31. Re1 Nc5 32. Rd1 Nxa4 33. Na3 Nb2 34. Re1 Nxd3 35. e6 fxe6 36. Rxe6+ Kf7 37. Re4 Re8 38. Rxe8 Kxe8 39. f3 Nb4 0-1

[Event "WY U-16 Chess Olympiad 2019"]
[Site "Corum"]
[Date "2019.11.03"]
[Round "6"]
[White "Abdusattorov, Nodirbek"]
[Black "Lazavik, Denis"]
[Result "1/2-1/2"]
[WhiteElo "2608"]
[BlackElo "2368"]
[Annotator "TA"]
[PlyCount "78"]
[EventDate "2019.10.28"]
[EventType "team-tourn"]
[EventCountry "TUR"]
[SourceTitle "playchess.com"]
[Source "ChessBase"]
[SourceQuality "1"]

1. e4 e6 2. d4 d5 3. Nc3 dxe4 4. Nxe4 Nd7 5. Bd3 Ngf6 6. Qe2 c5 7. Nxf6+ Nxf6 8. dxc5 Bxc5 9. Nf3 O-O 10. Bg5 h6 11. Bh4 Be7 12. O-O-O Qa5 13. Kb1 Bd7 14. Ne5 Bc6 15. f3 Nd5 16. Bxe7 Nxe7 17. c4 Rad8 18. Bc2 Qc7 19. g4 Rxd1+ 20. Rxd1 Rd8 21. Re1 Be8 22. f4 Nc6 23. Nxc6 Bxc6 24. Qe3 Qb6 25. c5 Qc7 26. h4 b6 27. g5 hxg5 28. hxg5 Bd5 29. cxb6 axb6 30. Rc1 Qd6 31. a3 g6 32. Be4 b5 33. Bxd5 Qxd5 34. Rc3 Qh1+ 35. Rc1 Qd5 36. Rc5 Qd1+ 37. Rc1 Qd5 38. Rc5 Qd1+ 39. Rc1 Qd5 1/2-1/2

[Event "WY U-16 Chess Olympiad 2019"]
[Site "Corum"]
[Date "2019.11.03"]
[Round "6"]
[White "Galperin, Platon"]
[Black "Globus, Or"]
[Result "1-0"]
[WhiteElo "2469"]
[BlackElo "2371"]
[Annotator "TA"]
[PlyCount "75"]
[EventDate "2019.10.28"]
[EventType "team-tourn"]
[EventCountry "TUR"]
[SourceTitle "playchess.com"]
[Source "ChessBase"]
[SourceQuality "1"]

1. e4 e5 2. Nf3 Nc6 3. Bb5 a6 4. Ba4 Nf6 5. O-O b5 6. Bb3 Bc5 7. a4 Rb8 8. c3 d6 9. d4 Bb6 10. a5 Ba7 11. h3 O-O 12. Re1 h6 13. Be3 Ra8 14. Qe2 Re8 15. d5 Bxe3 16. Qxe3 Ne7 17. c4 bxc4 18. Bxc4 Nh5 19. Nc3 Nf4 20. b4 f5 21. Nxe5 dxe5 22. d6+ Kh7 23. dxe7 Qxe7 24. b5 Qg5 25. Qg3 g6 26. Qxg5 hxg5 27. Nd5 Nxd5 28. Bxd5 Rb8 29. Rec1 Re7 30. Rc5 Kg7 31. Rac1 axb5 32. Rxc7 Rxc7 33. Rxc7+ Kh8 34. Re7 b4 35. Re8+ Kg7 36. a6 b3 37. a7 Ra8 38. Bxb3 1-0

[Event "WY U-16 Chess Olympiad 2019"]
[Site "Corum"]
[Date "2019.11.03"]
[Round "6"]
[White "Muradli, Mahammad"]
[Black "Nogerbek, Kazybek"]
[Result "1-0"]
[WhiteElo "2459"]
[BlackElo "2387"]
[Annotator "TA"]
[PlyCount "89"]
[EventDate "2019.10.28"]
[EventType "team-tourn"]
[EventCountry "TUR"]
[SourceTitle "playchess.com"]
[Source "ChessBase"]
[SourceQuality "1"]

1. d4 Nf6 2. c4 e6 3. Nf3 d5 4. Nc3 dxc4 5. e3 a6 6. a4 b6 7. Bxc4 Bb7 8. O-O Bb4 9. Qe2 Nbd7 10. Rd1 O-O 11. Bd3 Bd6 12. e4 e5 13. d5 Re8 14. Nd2 Nf8 15. Nc4 Ng6 16. g3 Bc5 17. Be3 Bxe3 18. Qxe3 Re7 19. d6 cxd6 20. Be2 d5 21. exd5 b5 22. axb5 axb5 23. Rxa8 Bxa8 24. d6 Re6 25. Nxb5 Nd5 26. Qc5 Ngf4 27. Bg4 h5 28. Bxe6 Nxe6 29. Qa7 f6 30. Qa5 Qb8 31. Qa7 Qd8 32. Ne3 Nxe3 33. fxe3 Bc6 34. Qa2 Kf7 35. Nc7 Bd7 36. Rc1 Qc8 37. Rc3 Qg8 38. Nxe6 Bxe6 39. Rc7+ Kg6 40. Qa7 Kh6 41. e4 Qf8 42. Re7 Bg4 43. b4 Qc8 44. Rc7 Qg8 45. Kf2 1-0

[Event "WY U-16 Chess Olympiad 2019"]
[Site "Corum"]
[Date "2019.11.03"]
[Round "6"]
[White "Murzin, Volodar"]
[Black "Stearman, Josiah"]
[Result "1-0"]
[WhiteElo "2433"]
[BlackElo "2310"]
[Annotator "TA"]
[PlyCount "111"]
[EventDate "2019.10.28"]
[EventType "team-tourn"]
[EventCountry "TUR"]
[SourceTitle "playchess.com"]
[Source "ChessBase"]
[SourceQuality "1"]

1. e4 c5 2. Nf3 Nc6 3. d4 cxd4 4. Nxd4 Nf6 5. Nc3 e5 6. Ndb5 d6 7. Bg5 a6 8. Na3 b5 9. Nd5 Be7 10. Bxf6 Bxf6 11. c4 b4 12. Nc2 O-O 13. Be2 Bg5 14. O-O Be6 15. Qd3 Qb8 16. Rad1 Ra7 17. b3 Kh8 18. h3 f5 19. Bf3 f4 20. Qe2 Raf7 21. Rd3 a5 22. Rfd1 Qa7 23. Bg4 Nd8 24. Ne1 g6 25. Ra1 h5 26. Nf3 Bh6 27. Bxe6 Nxe6 28. h4 Nc5 29. Rd2 Rb7 30. Rad1 a4 31. Rb2 a3 32. Rbd2 Qa5 33. Nxb4 Qxb4 34. Rxd6 Rg7 35. Nxe5 Kh7 36. R1d5 f3 37. Nxf3 Rf4 38. Qc2 Rxe4 39. g3 Rf7 40. Kg2 Rxf3 41. Kxf3 Qb7 42. Kg2 Bg7 43. f3 Re6 44. Rxe6 Nxe6 45. Rxh5+ Bh6 46. Rd5 Qg7 47. Qe4 Qb2+ 48. Kh3 Qf6 49. c5 Ng7 50. h5 Kg8 51. Qxg6 Qf8 52. Qxh6 Qxf3 53. Rd8+ Kf7 54. Qg6+ Ke7 55. Qd6+ Kf7 56. Rf8# 1-0

[Event "WY U-16 Chess Olympiad 2019"]
[Site "Corum"]
[Date "2019.11.03"]
[Round "6"]
[White "Lin, Yi"]
[Black "Stoyanov, Tsvetan"]
[Result "1-0"]
[WhiteElo "2425"]
[BlackElo "2377"]
[Annotator "TA"]
[PlyCount "53"]
[EventDate "2019.10.28"]
[EventType "team-tourn"]
[EventCountry "TUR"]
[SourceTitle "playchess.com"]
[Source "ChessBase"]
[SourceQuality "1"]

1. d4 Nf6 2. c4 e6 3. Nf3 c5 4. d5 exd5 5. cxd5 d6 6. Nc3 g6 7. h3 Bg7 8. e4 O-O 9. Bd3 b5 10. Nxb5 Nxe4 11. O-O Nf6 12. Bf4 Ne8 13. Qd2 Bb7 14. Bc4 Na6 15. Rad1 Nac7 16. Nc3 Nf6 17. Rfe1 Qd7 18. Ng5 Nh5 19. Nge4 Nxf4 20. Qxf4 Ne8 21. Bb5 Qf5 22. Qxf5 gxf5 23. Ng3 f4 24. Nf5 Be5 25. Ne4 Nc7 26. Bc4 Rad8 27. Ne7+ 1-0

[Event "WY U-16 Chess Olympiad 2019"]
[Site "Corum"]
[Date "2019.11.03"]
[Round "6"]
[White "Shubin, Kirill"]
[Black "Chen, Justin"]
[Result "1-0"]
[WhiteElo "2416"]
[BlackElo "2280"]
[Annotator "TA"]
[PlyCount "93"]
[EventDate "2019.10.28"]
[EventType "team-tourn"]
[EventCountry "TUR"]
[SourceTitle "playchess.com"]
[Source "ChessBase"]
[SourceQuality "1"]

1. e4 c5 2. Nf3 d6 3. d4 Nf6 4. dxc5 Nxe4 5. cxd6 Nc6 6. Be3 e6 7. Bd3 Nxd6 8. Nc3 Be7 9. Qe2 Nb4 10. O-O-O Qa5 11. Bb5+ Nxb5 12. Qxb5+ Qxb5 13. Nxb5 Na6 14. Nxa7 Bd7 15. Ne5 Ba4 16. Rd4 Bxc2 17. Kxc2 Rxa7 18. Nxf7 O-O 19. Rd7 Bc5 20. Ng5 Bxe3 21. fxe3 Nc5 22. Rc7 Ra5 23. Nf3 Na6 24. Rxb7 Rxa2 25. Kb1 Ra4 26. Ra7 Rb8 27. Rc1 Nc5 28. Rxa4 Nxa4 29. Rc2 Rb3 30. Ng5 Kf8 31. Nxe6+ Kf7 32. Ng5+ Kg6 33. Nf3 Rxe3 34. Rc4 Nxb2 35. Kxb2 h6 36. Kc2 Kh7 37. Kd2 Re7 38. h4 Kg6 39. g4 Kh7 40. Kd3 Re6 41. Re4 Ra6 42. Ke3 Rf6 43. Nd4 Rf7 44. Nf5 h5 45. Re7 Rxe7+ 46. Nxe7 g5 47. hxg5 1-0

[Event "WY U-16 Chess Olympiad 2019"]
[Site "Corum"]
[Date "2019.11.03"]
[Round "6"]
[White "Spyropoulos, Nikolaos"]
[Black "Uzumcu, Ahmet Utku"]
[Result "1/2-1/2"]
[WhiteElo "2409"]
[BlackElo "2304"]
[Annotator "RC"]
[PlyCount "129"]
[EventDate "2019.10.28"]
[EventType "team-tourn"]
[EventCountry "TUR"]
[SourceTitle "playchess.com"]
[Source "ChessBase"]
[SourceQuality "1"]

1. e4 c5 2. Nf3 d6 3. d4 cxd4 4. Nxd4 Nf6 5. Nc3 a6 6. g3 e5 7. Nde2 h5 8. h3 Be7 9. Bg2 Be6 10. Be3 b5 11. Qd2 Nbd7 12. O-O Rc8 13. a4 b4 14. Nd5 Nxd5 15. exd5 Bf5 16. Rac1 Qa5 17. f4 g6 18. fxe5 Nxe5 19. Nd4 Bd7 20. b3 O-O 21. Rce1 Rc3 22. Qf2 Rxe3 23. Qxe3 Bd8 24. Kh2 Bb6 25. Qf4 Bxd4 26. Qxd4 Rc8 27. Re2 Re8 28. Kh1 f5 29. Qa7 Bc8 30. Rf4 g5 31. Rf1 Qd8 32. Ref2 Re7 33. Qe3 Rf7 34. a5 Kg7 35. Qd4 Qxa5 36. h4 g4 37. Qd2 Qd8 38. Qxb4 Ng6 39. Qd4+ Kh7 40. Kg1 Ne5 41. c4 Qf6 42. Qd2 Qg6 43. Qc3 Bd7 44. Rf4 Kg8 45. Kh1 Qh6 46. R4f2 Ng6 47. Qd2 f4 48. Rxf4 Nxf4 49. Rxf4 Rxf4 50. Qxf4 Qxf4 51. gxf4 a5 52. Be4 Kf7 53. Kg2 Kf6 54. Kf2 a4 55. bxa4 Bxa4 56. Ke3 Bb3 57. Bd3 Bd1 58. Kf2 Bf3 59. Bc2 Kf7 60. Ke3 Kf6 61. Ba4 Kf7 62. Bb3 Kf6 63. Bc2 Kf7 64. Ba4 Ke7 65. Bc2 1/2-1/2

[Event "WY U-16 Chess Olympiad 2019"]
[Site "Corum"]
[Date "2019.11.03"]
[Round "6"]
[White "Babazada, Khazar"]
[Black "Onufrienko, Vladislav"]
[Result "1-0"]
[WhiteElo "2408"]
[BlackElo "1780"]
[Annotator "RC"]
[PlyCount "99"]
[EventDate "2019.10.28"]
[EventType "team-tourn"]
[EventCountry "TUR"]
[SourceTitle "playchess.com"]
[Source "ChessBase"]
[SourceQuality "1"]

1. Nf3 d5 2. g3 Nf6 3. Bg2 Bf5 4. O-O h6 5. d3 e6 6. b3 Be7 7. Bb2 O-O 8. Nbd2 Nbd7 9. Re1 Bh7 10. e4 c6 11. Qe2 a5 12. a4 Nc5 13. Ne5 Qb6 14. h4 Rfd8 15. Ng4 Ncd7 16. Ne3 dxe4 17. dxe4 Qc7 18. Nec4 Bc5 19. e5 Nd5 20. Be4 N7b6 21. Bxh7+ Kxh7 22. Ne4 Bf8 23. Ncd6 Nc8 24. c4 Nb4 25. Rad1 c5 26. Qf3 Kg8 27. Qg4 Nc2 28. Re2 Nd4 29. Bxd4 cxd4 30. c5 b6 31. Rxd4 bxc5 32. Nf6+ Kh8 33. Nxf7+ Qxf7 34. Rxd8 gxf6 35. Qe4 Rb8 36. Red2 f5 37. Qe2 c4 38. R2d7 Qxd7 39. Rxd7 cxb3 40. Rd1 Ne7 41. Qb2 Nc6 42. Rd3 Ba3 43. Qxa3 b2 44. Rd1 b1=Q 45. Rxb1 Rxb1+ 46. Kg2 Rb4 47. Qc3 Nd4 48. Qc8+ Kg7 49. Qc7+ Kg6 50. h5+ 1-0

[Event "WY U-16 Chess Olympiad 2019"]
[Site "Corum"]
[Date "2019.11.03"]
[Round "6"]
[White "Gan-Erdene, Sugar"]
[Black "Budisavljevic, Luka"]
[Result "1/2-1/2"]
[WhiteElo "2407"]
[BlackElo "2432"]
[Annotator "TA"]
[PlyCount "60"]
[EventDate "2019.10.28"]
[EventType "team-tourn"]
[EventCountry "TUR"]
[SourceTitle "playchess.com"]
[Source "ChessBase"]
[SourceQuality "1"]

1. e4 c5 2. Nf3 e6 3. d4 cxd4 4. Nxd4 Nc6 5. Nc3 Qc7 6. Be3 a6 7. Be2 b5 8. O-O Bb7 9. Nxc6 Bxc6 10. Re1 Bd6 11. Bd4 Bxh2+ 12. Kh1 Be5 13. Nd5 Bxd5 14. Bxe5 Qxe5 15. exd5 Qxd5 16. Qxd5 exd5 17. Bf3+ Kf8 18. Bxd5 Rb8 19. b4 h5 20. Bb3 Rh6 21. Rad1 Re8 22. Rf1 d6 23. c4 Ne7 24. Rd3 Nc6 25. cxb5 axb5 26. Rfd1 Nxb4 27. Rd4 Na6 28. Rxd6 Rxd6 29. Rxd6 Nc5 30. Rd5 Nxb3 1/2-1/2

[Event "WY U-16 Chess Olympiad 2019"]
[Site "Corum"]
[Date "2019.11.03"]
[Round "6"]
[White "Ahmadzada, Ahmad"]
[Black "Isanzhulov, Arystan"]
[Result "1/2-1/2"]
[WhiteElo "2406"]
[BlackElo "2305"]
[Annotator "RC"]
[PlyCount "132"]
[EventDate "2019.10.28"]
[EventType "team-tourn"]
[EventCountry "TUR"]
[SourceTitle "playchess.com"]
[Source "ChessBase"]
[SourceQuality "1"]

1. d4 d5 2. Nf3 e6 3. Bf4 Nf6 4. e3 Bd6 5. Bg3 O-O 6. Nbd2 c5 7. c3 Qc7 8. Ne5 Nc6 9. Nxc6 Qxc6 10. Bd3 Qc7 11. Bh4 Nd7 12. f4 f5 13. g4 Nf6 14. Bxf6 Rxf6 15. Rg1 c4 16. Be2 b5 17. a3 Qe7 18. Nf3 Bb7 19. Kf2 Rff8 20. gxf5 exf5 21. Rg3 Rae8 22. Qd2 Qf6 23. Rag1 Re7 24. Rh3 Rfe8 25. Ne5 a5 26. Rh5 Rc7 27. Bf3 Qe6 28. Qd1 b4 29. Qf1 Bxe5 30. fxe5 Rf8 31. Qh3 g6 32. Rhg5 bxc3 33. bxc3 Qb6 34. Kg3 f4+ 35. exf4 Rcf7 36. f5 Rxf5 37. Rxf5 Rxf5 38. Bg4 Rf8 39. Rf1 Qd8 40. Rxf8+ Qxf8 41. Bd7 Qe7 42. Qe6+ Qxe6 43. Bxe6+ Kf8 44. Kf4 h6 45. h4 Ke7 46. Bg4 Bc6 47. Bf3 Ke6 48. Bg4+ Ke7 49. Bd1 Ke6 50. Bc2 Be8 51. Kg4 Ke7 52. Kg3 Ke6 53. Kf4 Ke7 54. Bd1 Kf7 55. Bg4 Ke7 56. Bc8 Ba4 57. Bb7 Ke6 58. Bc8+ Ke7 59. Bh3 Bc2 60. Bg2 Ke6 61. Bf3 Ba4 62. Bg2 Bc2 63. Ke3 Ba4 64. Bh3+ Ke7 65. Bc8 Bc2 66. Kd2 Ba4 1/2-1/2

[Event "WY U-16 Chess Olympiad 2019"]
[Site "Corum"]
[Date "2019.11.03"]
[Round "6"]
[White "Avila Pavas, Santiago"]
[Black "Sahidi, Samir"]
[Result "1/2-1/2"]
[WhiteElo "2406"]
[BlackElo "2374"]
[Annotator "RC"]
[PlyCount "100"]
[EventDate "2019.10.28"]
[EventType "team-tourn"]
[EventCountry "TUR"]
[SourceTitle "playchess.com"]
[Source "ChessBase"]
[SourceQuality "1"]

1. d4 Nf6 2. Nf3 d5 3. Bf4 c6 4. e3 Bg4 5. c4 Bxf3 6. gxf3 Nbd7 7. Nc3 e6 8. Bd3 Nh5 9. Bg3 g6 10. Rb1 Be7 11. Qe2 O-O 12. O-O a6 13. Rbc1 Re8 14. Rfd1 Rc8 15. Qd2 Bf8 16. Be2 Qa5 17. a3 b5 18. cxd5 Nxg3 19. hxg3 cxd5 20. Rc2 Bg7 21. Qc1 Rc6 22. Nb1 Rxc2 23. Qxc2 Qb6 24. a4 Bf8 25. axb5 axb5 26. Rc1 Rb8 27. Kg2 h5 28. Nc3 b4 29. Nb5 Nf6 30. Qa4 Ne8 31. Bd3 Nd6 32. Nxd6 Qxd6 33. Qa7 Qb6 34. Qxb6 Rxb6 35. b3 Bd6 36. Rc8+ Kg7 37. f4 Kf6 38. Kf3 Rb7 39. Rc6 Be7 40. Ba6 Ra7 41. Ke2 Ra8 42. Kf3 Kg7 43. Ke2 h4 44. gxh4 Rh8 45. Kf3 Rxh4 46. Kg2 Rg4+ 47. Kf1 Kf6 48. Rc7 Rh4 49. Kg2 Rh8 50. Bb5 Ra8 1/2-1/2

[Event "WY U-16 Chess Olympiad 2019"]
[Site "Corum"]
[Date "2019.11.03"]
[Round "6"]
[White "Nalbant, Tuna Onat"]
[Black "Chan, Yi Meng Ryan"]
[Result "0-1"]
[WhiteElo "2401"]
[BlackElo "2130"]
[Annotator "RC"]
[PlyCount "132"]
[EventDate "2019.10.28"]
[EventType "team-tourn"]
[EventCountry "TUR"]
[SourceTitle "playchess.com"]
[Source "ChessBase"]
[SourceQuality "1"]

1. e4 e5 2. Nf3 Nc6 3. Bb5 a6 4. Ba4 Nf6 5. O-O Be7 6. Re1 b5 7. Bb3 d6 8. c3 O-O 9. h3 Bb7 10. d4 Re8 11. Nbd2 Bf8 12. a3 h6 13. Bc2 a5 14. d5 Nb8 15. a4 c6 16. dxc6 Bxc6 17. axb5 Bxb5 18. Nf1 Bc6 19. Ng3 Nbd7 20. c4 Nc5 21. Bd2 a4 22. Bc3 Qb6 23. Nd2 g6 24. Ndf1 h5 25. Qf3 Be7 26. h4 Ng4 27. Rad1 Rad8 28. Ne3 Nxe3 29. Rxe3 Bxh4 30. Nxh5 gxh5 31. Qxh5 Bf6 32. Qh6 Bg7 33. Rg3 Ne6 34. Rdd3 Kf8 35. Rxg7 Nxg7 36. Rg3 Re6 37. Qxg7+ Ke7 38. Rf3 Rf8 39. Qg5+ Ke8 40. Qf5 Bd7 41. Qh5 Rg6 42. Qh7 Rg4 43. g3 Ke7 44. Qh6 f6 45. Re3 Qb8 46. Qh1 Rh8 47. Qg2 Rg5 48. Bd1 Bh3 49. Qf3 Bg4 50. Qxg4 Rxg4 51. Bxg4 Qg8 52. Be2 Qh7 53. Bf3 Qh3 54. Bb4 Rb8 55. Ba3 Rb3 56. Rxb3 axb3 57. Bd1 f5 58. exf5 Qxf5 59. Bxb3 Qd3 60. Ba2 Kf6 61. Bb4 Kf5 62. Kg2 Kg4 63. Ba3 Qe4+ 64. Kh2 Kf3 65. Bxd6 Qh7+ 66. Kg1 Qh3 0-1

[Event "WY U-16 Chess Olympiad 2019"]
[Site "Corum"]
[Date "2019.11.03"]
[Round "6"]
[White "Gharibyan, Mamikon"]
[Black "Taspinar, Yanki"]
[Result "1/2-1/2"]
[WhiteElo "2388"]
[BlackElo "2010"]
[Annotator "TA"]
[PlyCount "120"]
[EventDate "2019.10.28"]
[EventType "team-tourn"]
[EventCountry "TUR"]
[SourceTitle "playchess.com"]
[Source "ChessBase"]
[SourceQuality "1"]

1. d4 d5 2. c4 e6 3. Nf3 c6 4. Qc2 Nf6 5. Bg5 Be7 6. e3 O-O 7. Nc3 Nbd7 8. Bd3 a6 9. O-O h6 10. Bh4 dxc4 11. Bxc4 b5 12. Bd3 Bb7 13. Rfd1 Qe8 14. Bxf6 Nxf6 15. Ne4 Nxe4 16. Bxe4 f5 17. Bd3 Rc8 18. Qb3 Bd6 19. Be2 c5 20. dxc5 Bxc5 21. Ne5 Kh7 22. Bf3 Bxf3 23. Nxf3 Qe7 24. Rac1 Rc7 25. g3 Rfc8 26. a4 bxa4 27. Qxa4 Rb8 28. Rc2 Bd6 29. Rxc7 Qxc7 30. Qxa6 Rb6 31. Qd3 Be5 32. g4 Rd6 33. Qb1 Rxd1+ 34. Qxd1 Bxb2 35. gxf5 exf5 36. Qd5 g6 37. h4 Bf6 38. h5 Qg7 39. Kf1 Qe7 40. hxg6+ Kxg6 41. Qg8+ Qg7 42. Qe6 Qe7 43. Nh4+ Kg5 44. Nf3+ Kg6 45. Qg8+ Qg7 46. Qc4 Qb7 47. Kg2 Qe4 48. Qxe4 fxe4 49. Nd2 Kf5 50. Kg3 Be7 51. Nb3 Bf6 52. Na5 Be5+ 53. Kh4 Bf6+ 54. Kh3 Bc3 55. Nc4 Be1 56. Kg3 h5 57. Nd6+ Ke5 58. Nxe4 Kxe4 59. Kh4 Bxf2+ 60. Kxh5 Bxe3 1/2-1/2

[Event "WY U-16 Chess Olympiad 2019"]
[Site "Corum"]
[Date "2019.11.03"]
[Round "6"]
[White "Assaubayeva, Bibisara"]
[Black "Suleymanli, Aydin"]
[Result "0-1"]
[WhiteElo "2381"]
[BlackElo "2426"]
[Annotator "TA"]
[PlyCount "102"]
[EventDate "2019.10.28"]
[EventType "team-tourn"]
[EventCountry "TUR"]
[SourceTitle "playchess.com"]
[Source "ChessBase"]
[SourceQuality "1"]

1. d4 d5 2. c4 c6 3. cxd5 cxd5 4. Bf4 Nc6 5. e3 Nf6 6. Nc3 a6 7. Be2 e6 8. Rc1 Bd6 9. Bxd6 Qxd6 10. f4 Ne7 11. Nf3 O-O 12. O-O b5 13. Ne5 Bb7 14. Bd3 Rac8 15. Qf3 Qb4 16. Rb1 Nf5 17. g4 Nd6 18. f5 Nfe4 19. Bxe4 Nxe4 20. Nxe4 dxe4 21. Qf2 exf5 22. gxf5 f6 23. Nd7 Rf7 24. Nc5 Bd5 25. a3 Qa5 26. Qf4 Re8 27. Qd6 Rd8 28. b4 Qc7 29. Qxa6 Qb8 30. a4 Bc4 31. Rfc1 Rd6 32. Rxc4 Rxa6 33. Nxa6 Qb7 34. axb5 g6 35. Rc5 gxf5 36. Rf1 Rg7+ 37. Kh1 f4 38. Rxf4 Qd7 39. Rff5 h6 40. Nc7 Kh7 41. Na6 Qe6 42. Rf2 Qb3 43. Rf1 Qxe3 44. Rc7 Rxc7 45. Nxc7 Qe2 46. Kg1 Qg4+ 47. Kh1 e3 48. b6 Qxd4 49. Kg2 Qg4+ 50. Kh1 Qxb4 51. Kg1 e2 0-1

[Event "WY U-16 Chess Olympiad 2019"]
[Site "Corum"]
[Date "2019.11.03"]
[Round "6"]
[White "Aronyak Ghosh"]
[Black "Sprenar, Petr"]
[Result "1-0"]
[WhiteElo "2380"]
[BlackElo "2329"]
[Annotator "TA"]
[PlyCount "47"]
[EventDate "2019.10.28"]
[EventType "team-tourn"]
[EventCountry "TUR"]
[SourceTitle "playchess.com"]
[Source "ChessBase"]
[SourceQuality "1"]

1. Nf3 d5 2. g3 Nf6 3. Bg2 e6 4. O-O Be7 5. d3 O-O 6. Nbd2 c5 7. e4 Nc6 8. Re1 b5 9. Qe2 Bb7 10. Nf1 Qb6 11. e5 Nd7 12. Bf4 Rfc8 13. h4 Bf8 14. h5 h6 15. Rad1 a5 16. g4 Nd4 17. Nxd4 cxd4 18. g5 hxg5 19. Bxg5 Rc6 20. Qg4 Rxc2 21. h6 g6 22. Qf4 Rc7 23. Nh2 Nc5 24. Bf6 1-0

[Event "WY U-16 Chess Olympiad 2019"]
[Site "Corum"]
[Date "2019.11.03"]
[Round "6"]
[White "Talukdar, Rohan"]
[Black "Stefansson, Vignir Vatnar"]
[Result "1/2-1/2"]
[WhiteElo "2369"]
[BlackElo "2327"]
[Annotator "TA"]
[PlyCount "69"]
[EventDate "2019.10.28"]
[EventType "team-tourn"]
[EventCountry "TUR"]
[SourceTitle "playchess.com"]
[Source "ChessBase"]
[SourceQuality "1"]

1. e4 e6 2. d4 d5 3. Nd2 c5 4. Ngf3 cxd4 5. Nxd4 dxe4 6. Nxe4 a6 7. Bg5 Be7 8. Bxe7 Nxe7 9. Bd3 e5 10. Nb3 Ng6 11. Qh5 Qe7 12. g3 Nd7 13. O-O-O O-O 14. h4 Nf6 15. Qf3 Nxe4 16. Bxe4 Rb8 17. h5 Nh8 18. Kb1 Be6 19. h6 f5 20. hxg7 Kxg7 21. Qh5 Ng6 22. Qxh7+ Kf6 23. Qxe7+ Nxe7 24. Rh6+ Ng6 25. Bf3 Bxb3 26. axb3 Kg7 27. Rh5 e4 28. Be2 Ne5 29. Rd6 Rbe8 30. Rg5+ Kh7 31. Bf1 Ng4 32. Rh5+ Kg7 33. Rg5+ Kh7 34. Rh5+ Kg7 35. Rg5+ 1/2-1/2

[Event "WY U-16 Chess Olympiad 2019"]
[Site "Corum"]
[Date "2019.11.03"]
[Round "6"]
[White "Tarlabasi, Emirhan"]
[Black "Alexakis, Dimitris"]
[Result "0-1"]
[WhiteElo "2365"]
[BlackElo "2459"]
[Annotator "TA"]
[PlyCount "64"]
[EventDate "2019.10.28"]
[EventType "team-tourn"]
[EventCountry "TUR"]
[SourceTitle "playchess.com"]
[Source "ChessBase"]
[SourceQuality "1"]

1. d4 Nf6 2. c4 e6 3. Nf3 c5 4. d5 d6 5. Nc3 exd5 6. cxd5 g6 7. Nd2 Bg7 8. e4 O-O 9. Be2 Na6 10. O-O Nc7 11. a4 a6 12. f4 Rb8 13. a5 Re8 14. Bf3 Nb5 15. Re1 h5 16. h3 Nd7 17. Nc4 Qe7 18. Qd3 Nd4 19. Bd2 b5 20. axb6 Nxb6 21. Na5 Bd7 22. Ra2 Qh4 23. Qf1 Nc2 24. Re2 Nb4 25. Ra1 Nd3 26. Kh2 Qf6 27. f5 Nxb2 28. Rf2 Qd4 29. g4 N6c4 30. Nxc4 Nxc4 31. Be1 Rb3 32. Rc1 hxg4 0-1

[Event "WY U-16 Chess Olympiad 2019"]
[Site "Corum"]
[Date "2019.11.03"]
[Round "6"]
[White "Can, Isik"]
[Black "Lee, Care Greene"]
[Result "1-0"]
[WhiteElo "2361"]
[BlackElo "1950"]
[Annotator "TA"]
[PlyCount "57"]
[EventDate "2019.10.28"]
[EventType "team-tourn"]
[EventCountry "TUR"]
[SourceTitle "playchess.com"]
[Source "ChessBase"]
[SourceQuality "1"]

1. e4 c5 2. Nf3 d6 3. d4 cxd4 4. Nxd4 Nf6 5. Nc3 a6 6. Be3 e5 7. Nb3 Be6 8. h3 Nbd7 9. f4 Rc8 10. Qf3 exf4 11. Bxf4 Be7 12. O-O-O Qc7 13. g4 Ne5 14. Qg2 b5 15. Kb1 Nc4 16. Nd5 Bxd5 17. exd5 a5 18. Nd4 Qc5 19. Bxc4 Qxc4 20. Rhe1 Kd7 21. g5 Nxd5 22. Nf5 Rc5 23. Nxe7 Nxf4 24. Qb7+ Rc7 25. Rxd6+ Kxd6 26. Nf5+ Kc5 27. Qxc7+ Kb4 28. Qd6+ Qc5 29. Re4# 1-0

[Event "WY U-16 Chess Olympiad 2019"]
[Site "Corum"]
[Date "2019.11.03"]
[Round "6"]
[White "Malovanyi, Yulian"]
[Black "Lukin, Elisha"]
[Result "1-0"]
[WhiteElo "2351"]
[BlackElo "2280"]
[Annotator "TA"]
[PlyCount "155"]
[EventDate "2019.10.28"]
[EventType "team-tourn"]
[EventCountry "TUR"]
[SourceTitle "playchess.com"]
[Source "ChessBase"]
[SourceQuality "1"]

1. e4 e6 2. d4 d5 3. exd5 exd5 4. Bd3 Nc6 5. c3 Bd6 6. Qf3 Be6 7. Ne2 Qf6 8. Qxf6 Nxf6 9. f3 Ne7 10. Kf2 Bf5 11. Bxf5 Nxf5 12. Bf4 O-O-O 13. g4 Bxf4 14. Nxf4 Nh4 15. Nd2 Ng6 16. Nd3 h5 17. g5 Ne8 18. Rae1 Nd6 19. Ne5 Nf4 20. Kg3 Ng6 21. Nxg6 fxg6 22. Re5 Nf7 23. Re7 Rd7 24. Rhe1 Nxg5 25. Rxd7 Kxd7 26. Re5 Nf7 27. Rxd5+ Ke6 28. Ra5 a6 29. Ne4 Kd7 30. Nc5+ Kc6 31. Ne6 Kd6 32. Nf4 g5 33. Nh3 g4 34. Ng5 Ke7 35. fxg4 hxg4 36. Nxf7 Kxf7 37. Rf5+ Kg6 38. Rf4 Rh3+ 39. Kg2 Rh4 40. a4 Rh7 41. Rf8 Rh3 42. Rf4 Rd3 43. Rxg4+ Kf6 44. Rf4+ Ke6 45. Re4+ Kf6 46. Re2 Rd1 47. a5 Ra1 48. b4 Rc1 49. Re3 Kf5 50. Kf3 Kf6 51. Ke4 Rh1 52. h3 Ke6 53. Rg3 g5 54. Kd3 Kd6 55. Kc4 Kc6 56. Rxg5 Rxh3 57. Rc5+ Kd6 58. b5 Rh1 59. Rd5+ Ke7 60. bxa6 bxa6 61. Kc5 Rh6 62. c4 Rg6 63. Re5+ Kd7 64. d5 Rg1 65. Re6 Kc8 66. Kc6 Rg8 67. c5 Kd8 68. Rh6 Kc8 69. Rh7 Kb8 70. Rxc7 Rg1 71. d6 Rb1 72. Rh7 Rb2 73. d7 Rd2 74. Rh6 Ka7 75. Kc7 Rb2 76. Rb6 Rd2 77. Kc8 Ka8 78. Rxa6# 1-0